00313pam a2200121 a 4500020002400000041000500024082001000029100003900039245007200078250001100150260002200161300000800183 a978-0-07-070140-3c h a620.1 aStreeter V.L., & Wylie E BeAuthor aFluid Mechanics 9thcStreeter V.L., & Wylie E BhTextual Documents  a9th Ed bmcGraw Hillc2010 a740